Missing Word: 5-Word Book Titles Quiz Stats

Quiz Updated Apr 9, 2015

Challenge
Share
Tweet
Embed
Score 0/30 Timer 04:00
4 Plays Today
Hint Answer % Correct
Dr. Jekyll and Mr. _____Hyde
97.7%
A Tale of Two _____Cities
97.6%
Little _____ on the PrairieHouse
97.6%
The _____ of the RingsLord
97.4%
The Catcher in the _____Rye
97.2%
_____ and the Chocolate FactoryCharlie
96.8%
The _____ of Notre DameHunchback
96.3%
Diary of a Wimpy _____Kid
95.3%
The Hunt for _____ OctoberRed
94.5%
The _____ of Monte CristoCount
93.7%
For Whom the Bell _____Tolls
93.4%
A _____ with a ViewRoom
93%
Where the Wild _____ AreThings
93%
One _____ Years of SolitudeHundred
91.5%
The _____ of the WildCall
90.8%
Hint Answer % Correct
The Postman Always _____ TwiceRings
89%
The _____ of Huckleberry FinnAdventures
87.9%
The Red _____ of CourageBadge
87.4%
The _____ of the BaskervillesHound
86.5%
Something Wicked This _____ ComesWay
84.9%
The Bridges of _____ CountyMadison
84.2%
The Fault in Our _____Stars
82.2%
Their _____ Were Watching GodEyes
80.5%
The Sound and the _____Fury
75.4%
The _____ of Dorian GrayPicture
72.5%
Me Talk Pretty One _____Day
56.5%
The Portrait of a _____Lady
48.9%
A _____ for Owen MeanyPrayer
42.5%
The Name Of The _____Rose
40.6%
...And Ladies of the _____Club
13%

Today's Daily Dose

Missing Word
The Killers Songs

Word Ladder
1967 Film

Quick Pick
Flag Names

On This Day
February 24th II

You're not logged in!

Compare scores with friends on all Sporcle quizzes.
Sign Up with Email
OR
Log In

You Might Also Like...

Show Comments

Extras

Top Quizzes Today


Score Distribution

Your Account Isn't Verified!

In order to create a playlist on Sporcle, you need to verify the email address you used during registration. Go to your Sporcle Settings to finish the process.